Nové bojiská kapitalizmu

Po vyriešení konfliktu medzi kapitalizmom a socializmom sa vynára nový problém existencie rozličných foriem kapitalizmu s vlastnými ekonomikami, sociálnymi systémami, kultúrami a spôsobmi riadenia. Globálna štruktúra obchodu. Opatrenia v záujme výkonnosti zameranej na trh. Zmeny v prostredí riadenia...

Ausführliche Beschreibung

Gespeichert in:
Bibliographische Detailangaben
1. Verfasser: Hunt, Ben
Format: Buchkapitel
Sprache:Slowakisch
Schlagworte:
Tags: Tag hinzufügen
Keine Tags, Fügen Sie das erste Tag hinzu!

MARC

LEADER 00000naa a2200000 4500
001 r042292
005 20230921111542.6
041 0 |a slo 
044 |a SK 
245 1 0 |a Nové bojiská kapitalizmu  |c Ben Hunt 
520 |a Po vyriešení konfliktu medzi kapitalizmom a socializmom sa vynára nový problém existencie rozličných foriem kapitalizmu s vlastnými ekonomikami, sociálnymi systémami, kultúrami a spôsobmi riadenia. Globálna štruktúra obchodu. Opatrenia v záujme výkonnosti zameranej na trh. Zmeny v prostredí riadenia. Produkcia a investícia. Decentralizačné tendencie. 
610 2 0 |a kapitalizmus 
610 2 0 |a socializmus 
610 2 0 |a obchod 
610 2 0 |a globalizácia 
610 2 0 |a hodnota 
610 2 0 |a akcie 
610 2 0 |a riadenie 
610 2 0 |a produkcia 
610 2 0 |a investície 
610 2 0 |a decentralizácia 
100 1 |a Hunt, Ben